For The Record (Record no. 10)

MARC details
000 -LEADER
fixed length control field 01245cam a2200385 i 4500
001 - CONTROL NUMBER
control field 23121838
003 - CONTROL NUMBER IDENTIFIER
control field OSt
005 - DATE AND TIME OF LATEST TRANSACTION
control field 20230718113003.0
008 - FIXED-LENGTH DATA ELEMENTS--GENERAL INFORMATION
fixed length control field 230510s2023 ke a b 001 0aeng
010 ## - LIBRARY OF CONGRESS CONTROL NUMBER
LC control number 2023320366
020 ## - INTERNATIONAL STANDARD BOOK NUMBER
International Standard Book Number 9789914491746
020 ## - INTERNATIONAL STANDARD BOOK NUMBER
International Standard Book Number 9789914491753
040 ## - CATALOGING SOURCE
Original cataloging agency DLC
Language of cataloging eng
Description conventions rda
Transcribing agency DLC
042 ## - AUTHENTICATION CODE
Authentication code lcode
-- pcc
043 ## - GEOGRAPHIC AREA CODE
Geographic area code f-ke---
050 00 - LIBRARY OF CONGRESS CALL NUMBER
Classification number DT433.582.A34
Item number A3 2023
082 ## - DEWEY DECIMAL CLASSIFICATION NUMBER
Classification number 012
Item number DUA
100 0# - MAIN ENTRY--PERSONAL NAME
Personal name Aden Duale,
Dates associated with a name 1967-
Relator term author.
245 10 - TITLE STATEMENT
Title For The Record
Statement of responsibility, etc. Aden Duale.
246 14 - VARYING FORM OF TITLE
Title proper/short title For The Record :
Remainder of title The Inside Story of Power, Politics, Lawmaking & Leadership in Kenya
250 ## - EDITION STATEMENT
Edition statement First edition.
264 #1 - PRODUCTION, PUBLICATION, DISTRIBUTION, MANUFACTURE, AND COPYRIGHT NOTICE
Place of production, publication, distribution, manufacture [Nairobi] :
Name of producer, publisher, distributor, manufacturer [publisher not identified],
Date of production, publication, distribution, manufacture, or copyright notice 2023.
300 ## - PHYSICAL DESCRIPTION
Extent 371 pages :
Other physical details color illustrations ;
Dimensions 25 cm
336 ## - CONTENT TYPE
Content type term text
Content type code txt
Source rdacontent
337 ## - MEDIA TYPE
Media type term unmediated
Media type code n
Source rdamedia
338 ## - CARRIER TYPE
Carrier type term volume
Carrier type code nc
Source rdacarrier
500 ## - GENERAL NOTE
General note LC copy signed by author.
Institution to which field applies DLC
504 ## - BIBLIOGRAPHY, ETC. NOTE
Bibliography, etc Includes bibliographical references and index.
600 00 - SUBJECT ADDED ENTRY--PERSONAL NAME
Personal name Aden Duale,
Dates associated with a name 1967-
650 #0 - SUBJECT ADDED ENTRY--TOPICAL TERM
Topical term or geographic name as entry element Politicians
Geographic subdivision Kenya
Form subdivision Biography.
651 #0 - SUBJECT ADDED ENTRY--GEOGRAPHIC NAME
Geographic name Kenya
General subdivision Politics and government.
906 ## - LOCAL DATA ELEMENT F, LDF (RLIN)
a 7
b cbc
c origode
d 2
e ncip
f 20
g y-gencatlg
942 ## - ADDED ENTRY ELEMENTS (KOHA)
Source of classification or shelving scheme Dewey Decimal Classification
Koha item type Books
Holdings
Withdrawn status Lost status Source of classification or shelving scheme Damaged status Not for loan Home library Current library Date acquired Cost, normal purchase price Total Checkouts Full call number Barcode Date last seen Price effective from Koha item type Date last checked out
    Dewey Decimal Classification     Bunge Tower Library Bunge Tower Library 05/11/2023 3.00   012 DUA 20230007 05/16/2023 05/16/2023 Books  
    Dewey Decimal Classification     Bunge Tower Library Bunge Tower Library 05/11/2023 3.00 1 012 DUA 20230008 07/11/2023 05/16/2023 Books 06/19/2023
LIBRARY OPENING HOURS

When the Parliament is sitting: 8.00a.m - 7.00p.m or until the house adjourns
Mondays and Fridays and when the House is on Recess:  8.00a.m - 5.00p.m
Closed on Weekends and Public Holidays

Online Public Access Catalog (OPAC)
Website: http://www.parliament.go.ke
Bunge Library: https://libraryir.parliament.go.ke
Contact: library@parliament.go.ke | Tel no: (254-2)2221291 or 2848000 Ext 5043